00391nam a22001337a 450000500170000000800410001704100220005808200130008010000220009324500390011526000470015430000310020165000250023220240702142202.0240702b |||||||| |||| 00| 0 eng d aEnglish/Afrikaans a349 SOU  lEnglish/Afrikaans aSouth African Criminal Law Reports aCape Town: bJuta and Company Ltd, c1990  blxii, 697 pages; c26 cm.  aLegal practice bLaw